000 00527nam a2200205Ia 4500
005 20250326141544.0
008 250326s9999 xx 000 0 und d
020 _a0-87692-328-7
037 _aTextbook
040 _aFMSL
_beng
_cFMSL
041 _aeng
_2eng
084 _aX:8K L8
_qFMSL
100 _aHorngren C T
245 0 _aCost accounting
_cHorngren C T
250 _a5
260 _aNew Delhi
_bNew Delhi, Prentice Hall
_c1983
300 _a996p
942 _cTB
_hX:8K L8
999 _c1290862
_d1290862